000 00705nam a2200289Ia 4500
005 20260324145051.0
008 008 260324s9999 xx 000 0 eng d
020 _a9780429312939
037 _aEBOOK
040 _aCRL
040 _beng
040 _cCRL
041 _2eng
041 _aeng
084 _qCRL
100 _aRobert A Hoover; Lauren H Holland
_91221634
245 4 _aThe Mx Decision
245 2 _bA New Direction In U.s. Weapons Procurement Policy?
260 _bTaylor and Francis
260 _c1985
365 _a
365 _b230
856 _uhttp://www.taylorfrancis.com/books/9780429312939
942 _cEBOOK
999 _c1829040
_d1829040